000 01310nam a2200349Ia 4500
001 ebr10539141
003 CaPaEBR
006 m u
007 cr cn|||||||||
008 110614s2011 gau sb 001 0beng d
010 _z 2011024430
020 _z0881462624
020 _z9780881462623
020 _z9780881463569
040 _aCaPaEBR
_cCaPaEBR
035 _a(OCoLC)787846137
050 1 4 _aBX6495.M38
_bC47 2011eb
082 0 4 _a286.092
_aB
_223
100 1 _aChute, Anthony L.
245 1 0 _aFather Mercer
_h[electronic resource] :
_bthe story of a Baptist statesman /
_cAnthony L. Chute.
250 _a1st ed.
260 _aMacon, GA :
_bMercer University Press,
_cc2011.
300 _a146 p.
504 _aIncludes bibliographical references and index.
533 _aElectronic reproduction.
_bPalo Alto, Calif. :
_cebrary,
_d2011.
_nAvailable via World Wide Web.
_nAccess may be limited to ebrary affiliated libraries.
600 1 0 _aMercer, Jesse,
_d1769-1841.
650 0 _aBaptists
_zUnited States
_vBiography.
655 7 _aElectronic books.
_2local
700 1 2 _aMercer, Jesse,
_d1769-1841.
_tSelections.
_f2011.
710 2 _aebrary, Inc.
856 4 0 _uhttp://site.ebrary.com/lib/rucke/Doc?id=10539141
_zAn electronic book accessible through the World Wide Web; click to view
999 _c246001
_d246001